Cours de chimie physique et analytique, (Record no. 20911)

000 -LEADER
fixed length control field 00514cam a22001811 4500
040 ## - CATALOGING SOURCE
Transcribing agency CU-I
082 ## - DEWEY DECIMAL CLASSIFICATION NUMBER
Classification number 333 COU 1971 C111 Or.
100 1# - MAIN ENTRY--AUTHOR NAME
Personal name Le Guyader, Michel,
245 10 - TITLE STATEMENT
Title Cours de chimie physique et analytique,
260 ## - PUBLICATION, DISTRIBUTION, ETC. (IMPRINT)
Place of publication Paris,
Name of publisher Dunod,
Year of publication 1971-
300 ## - PHYSICAL DESCRIPTION
Number of Pages v.
Other physical details illus.
Dimensions 24 cm.
490 0# - SERIES STATEMENT
Series statement Technologie et université. I.U.T. Chimie.
650 #0 - SUBJECT ADDED ENTRY--TOPICAL TERM
Topical Term Chemistry, Physical and theoretical.
650 #0 - SUBJECT ADDED ENTRY--TOPICAL TERM
Topical Term Analytical chemistry.
700 1# - ADDED ENTRY--PERSONAL NAME
Personal name Martin, Guy,
700 1# - ADDED ENTRY--PERSONAL NAME
Personal name Tallec, André,
942 ## - ADDED ENTRY ELEMENTS (KOHA)
Koha item type ADB
952 ## - LOCATION AND ITEM INFORMATION (KOHA)
Withdrawn status [LOCAL, KOHA] 0
Holdings
Permanent Location Date acquired Koha item type Lost status Shelving location Barcode Current Location Full call number
Library Block C2023-01-13ADB C111a09582Library Block C333 COU 1971 C111 Or.
មជ្ឈមណ្ឌលឯការនៃសាកលវិទ្យាល័យភូមិន្ទកសិកម្មចំការដូង

Powered by Koha